000 00687nam a2200289Ia 4500
005 20260324145031.0
008 008 260324s9999 xx 000 0 eng d
020 _a9781003310013
037 _aEBOOK
040 _aCRL
040 _beng
040 _cCRL
041 _2eng
041 _aeng
084 _qCRL
100 _aJoseph Kestner
_91221505
245 0 _aProtest and Reform
245 4 _bThe British Social Narrative by Women 1827–1867
260 _bTaylor and Francis
260 _c1985
365 _a
365 _b170
856 _uhttp://www.taylorfrancis.com/books/9781003310013
942 _cEBOOK
999 _c1828876
_d1828876